| Tag |
First Indicator |
Second Indicator |
Subfields |
| LEADER |
00000cam a2200000 4500 |
| 001 |
in00001978577 |
| 006 |
m | d | |
| 007 |
cr |n||||||||n |
| 008 |
800620s1767 enk|||| s 00||||eng d |
| 005 |
20260407210106.7 |
| 035 |
|
|
|a (CStRLIN)ESTCT100561
|
| 040 |
|
|
|a Uk-ES
|c Uk-ES
|d Cu-RivES
|d CStRLIN
|d Thomson Gale
|d UtOrBLW
|
| 100 |
1 |
|
|a Matlock, John,
|c Rev.
|
| 245 |
1 |
2 |
|a A second book of hymns and spiritual songs :
|b Composed and published by the Rev. John Matlock, ...
|
| 264 |
|
3 |
|a London :
|b printed by J. and J. March; sold by the author at the Meeting-House in Little Ayliffe-street,
|c 1767.
|
| 300 |
|
|
|a 36p. ;
|c 12⁰.
|
| 336 |
|
|
|a text
|b txt
|2 rdacontent
|
| 337 |
|
|
|a computer
|b c
|2 rdamedia
|
| 338 |
|
|
|a online resource
|b cr
|2 rdacarrier
|
| 500 |
|
|
|a Reproduction of original from the British Library.
|
| 510 |
4 |
|
|a English Short Title Catalog,
|c ESTCT100561.
|
| 533 |
|
|
|a Electronic reproduction.
|b Farmington Hills, Mich. :
|c Thomson Gale,
|d 2003.
|n Available via the World Wide Web.
|n Access limited by licensing agreements
|7 s2003 miunns
|
| 500 |
|
|
|a Electronic resource.
|
| 830 |
|
0 |
|a Eighteenth century collections online.
|
| 856 |
4 |
0 |
|u http://proxy.library.tamu.edu/login?url=https://galenet.galegroup.com/servlet/ECCO?c=1&stp=Author&ste=11&af=BN&ae=T100561&tiPG=1&dd=0&dc=flc&docNum=CW118744885&vrsn=1.0&srchtp=a&d4=0.33&n=10&SU=0LRF&locID=txshracd2898
|z Full text online
|t 0
|
| 999 |
|
|
|a MARS
|
| 999 |
f |
f |
|s dec5215e-e3b5-33fc-b1fd-9f4fe05041dd
|i 5c125e4e-f863-3592-8f5b-4f8037787ddb
|t 0
|
| 952 |
f |
f |
|a Texas A&M University
|b College Station
|c Electronic Resources
|s www_evans
|d Available Online
|t 0
|h No information provided
|
| 998 |
f |
f |
|t 0
|l Available Online
|